Cải tiến quản lý dạy học Tiếng Anh cho SV trường ĐH Sư phạm - Đại học Đà Nẵng
Cơ sở lý luận về vấn đề quản lý dạy học môn Tiếng Anh. Thực trạng của quản lý hoạt động dạy học môn Tiếng Anh ở trường ĐHSP - ĐHĐN. Biện pháp quản lý nhằm nâng cao hiệu quả dạy học môn Tiếng Anh cho SV trường ĐHSP - ĐHĐN.
שמור ב:
| מחבר ראשי: | |
|---|---|
| מחברים אחרים: | |
| פורמט: | ספר |
| שפה: | Vietnamese |
| יצא לאור: |
Đà Nẵng
ĐH Đà Nẵng
2007
|
| נושאים: | |
| תגים: |
הוספת תג
אין תגיות, היה/י הראשונ/ה לתייג את הרשומה!
|
| Thư viện lưu trữ: | Mạng thư viện Đại học Đà Nẵng |
|---|
| LEADER | 01751nam a2200385 4500 | ||
|---|---|---|---|
| 001 | 000010810 | ||
| 003 | 7029 | ||
| 005 | 20111221101235.0 | ||
| 008 | 111221s2007 viesd | ||
| 041 | |a vie | ||
| 082 | |a 378.199 |b TO-H | ||
| 100 | |a Tôn Nữ Duy Hoàng |e Tác giả | ||
| 245 | |a Cải tiến quản lý dạy học Tiếng Anh cho SV trường ĐH Sư phạm - Đại học Đà Nẵng |c Tôn Nữ Duy Hoàng | ||
| 260 | |a Đà Nẵng |b ĐH Đà Nẵng |c 2007 | ||
| 300 | |a 88 tr |c 29 cm |e 1 tóm tắt | ||
| 500 | |a Luận văn Thạc sĩ Giáo dục học. Chuyên ngành: Quản lý Giáo dục. Mã số: 60.14.05 | ||
| 520 | |a Cơ sở lý luận về vấn đề quản lý dạy học môn Tiếng Anh. Thực trạng của quản lý hoạt động dạy học môn Tiếng Anh ở trường ĐHSP - ĐHĐN. Biện pháp quản lý nhằm nâng cao hiệu quả dạy học môn Tiếng Anh cho SV trường ĐHSP - ĐHĐN. | ||
| 653 | |a Luận văn | ||
| 653 | |a Thạc sĩ Giáo dục học | ||
| 653 | |a Quản lý Giáo dục | ||
| 653 | |a Biện pháp | ||
| 653 | |a Quản lý hoạt động dạy học | ||
| 653 | |a Môn Tiếng Anh | ||
| 653 | |a ĐHSP Đà Nẵng | ||
| 700 | |a Huỳnh Thị Thu Hằng |c TS. |e Người hướng dẫn | ||
| OWN | |a LSP | ||
| AVA | |a UDN50 |b LSP |d 378.199 TO-H |e available |t Error 5001 Not defined in file expand_doc_bib_avail. |f 1 |g 0 |h N |i 0 |k 1 | ||
| 999 | |a From the UDN01 | ||
| AVA | |a UDN50 |b LSP |d 378.199 TO-H |e available |t Error 5001 Not defined in file expand_doc_bib_avail. |f 1 |g 0 |h N |i 0 |k 1 | ||
| TYP | |a Monograph | ||
| TYP | |a Printed language | ||
| 980 | |a Mạng thư viện Đại học Đà Nẵng | ||